000 00423nam a2200145 a 4500
001 000033701
005 20200930070444.0
008 110906s1870 it b 000 0 ita d
040 _aDO-SdBNP
_bspa
_cBNPHU
082 _axxxx
_bH484v
100 1 _aHelps, Arturo
_959153
245 1 0 _aVita di Cristoforo Colombo /
_cArturo Helps.
260 _aFlorencia, Italia :
_bG. Barbéra,
_c1870.
300 _axi, 152 p. :
_bmap. ;
_c17 cm.
999 _c33192
_d33192